[Event "5.Aschacher Donau op"]
[Site "Aschach, AUT"]
[Date "1996.12.28"]
[Round "4"]
[White "Balinov, I."]
[Black "Tkaczuk, R."]
[Result "1/2-1/2"]
[WhiteElo "2385"]
[BlackElo "2255"]
[PlyCount "79"]
[EventDate "1996.12.31"]

1. e4 g6 2. d4 Bg7 3. c3 d6 4. Nf3 Nf6 5. Bd3 O-O 6. O-O Nc6 7. d5 Nb8 8. c4 c6
9. Nc3 Nbd7 10. Rb1 a5 11. a3 Re8 12. h3 e6 13. dxc6 bxc6 14. b4 axb4 15. axb4
c5 16. b5 Bb7 17. Re1 Nb6 18. Qc2 d5 19. exd5 exd5 20. Rxe8+ Nxe8 21. Nxd5 Nxd5
22. cxd5 Bxd5 23. Be4 Bxe4 24. Qxe4 Nd6 25. Qd5 Nxb5 26. Qc4 Qd1+ 27. Kh2 Nc3
28. Rb7 Qd5 29. Qxd5 Nxd5 30. Rd7 Nf6 31. Rc7 Ne4 32. g3 Bf8 33. Ng5 Nxf2 34.
Nxf7 Ra2 35. Bf4 Nd3+ 36. Kh1 Nxf4 37. gxf4 Rf2 38. Ng5 Rxf4 39. Ne6 Rf6 40.
Nxf8 1/2-1/2

[Event "5.Aschacher Donau op"]
[Site "Aschach, AUT"]
[Date "1996.12.28"]
[Round "4"]
[White "Casagrande, H."]
[Black "Teske, H."]
[Result "1/2-1/2"]
[WhiteElo "2365"]
[BlackElo "2520"]
[PlyCount "20"]
[EventDate "1996.12.31"]

1. d4 d5 2. Nf3 Nf6 3. Bg5 Nbd7 4. Nbd2 e6 5. e4 dxe4 6. Nxe4 h6 7. Bxf6 Nxf6
8. Bd3 Be7 9. c3 Nxe4 10. Bxe4 c5 1/2-1/2

[Event "5.Aschacher Donau op"]
[Site "Aschach, AUT"]
[Date "1996.12.28"]
[Round "4"]
[White "Djurkovic, M."]
[Black "Ennsberger, Ulrich"]
[Result "0-1"]
[WhiteElo "2095"]
[BlackElo "2210"]
[PlyCount "42"]
[EventDate "1996.12.31"]

1. d4 Nf6 2. g3 d5 3. Bg2 c5 4. c4 e6 5. Nf3 Nc6 6. O-O cxd4 7. Qa4 Bc5 8. Ne5
Bd7 9. Nxd7 Qxd7 10. cxd5 exd5 11. a3 O-O 12. b4 Bb6 13. Nd2 Rfe8 14. Qb5 Ne4
15. Nb1 Rac8 16. Bb2 Qd8 17. Bh3 a6 18. Qa4 Ne5 19. Bxc8 Qxc8 20. Qd1 Qh3 21.
f3 d3+ 0-1

[Event "5.Aschacher Donau op"]
[Site "Aschach, AUT"]
[Date "1996.12.28"]
[Round "4"]
[White "Hellmayr, A."]
[Black "Obermayr, H."]
[Result "1/2-1/2"]
[WhiteElo "2265"]
[BlackElo "2110"]
[PlyCount "82"]
[EventDate "1996.12.31"]

1. e3 g6 2. e4 c5 3. d3 Bg7 4. Nc3 Nc6 5. g3 e6 6. Bg2 Nge7 7. Nh3 Nd4 8. Be3
Rb8 9. Qd2 d6 10. Nd1 e5 11. Ng1 b5 12. c3 Ne6 13. Ne2 d5 14. exd5 Nxd5 15. Bh6
Bb7 16. Bxg7 Nxg7 17. O-O O-O 18. Ne3 Ne6 19. Ng4 f6 20. h4 Nb6 21. Bxb7 Rxb7
22. f4 h5 23. Nf2 Nc4 24. Qc1 Nd6 25. fxe5 fxe5 26. Qe3 Nf5 27. Qe4 Re7 28.
Rae1 Qa8 29. Qxa8 Rxa8 30. Ne4 Rd8 31. Nc1 Kg7 32. Re2 Nf8 33. Rfe1 Nd7 34. Kg2
Rde8 35. Nb3 Rc8 36. Nbd2 Nf6 37. Nf2 Rd8 38. Nf3 Nd7 39. Ne4 a6 40. Nf2 Kf6
41. g4 Nd6 1/2-1/2

[Event "5.Aschacher Donau op"]
[Site "Aschach, AUT"]
[Date "1996.12.28"]
[Round "4"]
[White "Ilincic, Pavle"]
[Black "Gruber, Reinhold"]
[Result "1-0"]
[WhiteElo "2200"]
[BlackElo "1985"]
[PlyCount "145"]
[EventDate "1996.12.31"]

1. d4 Nf6 2. Nf3 g6 3. Bf4 Bg7 4. e3 O-O 5. Be2 d6 6. h3 c5 7. c3 cxd4 8. exd4
Be6 9. Nbd2 Nc6 10. O-O Rc8 11. Re1 Na5 12. Bd3 Nd5 13. Bg3 Bh6 14. Ne4 Bf5 15.
Neg5 Bxd3 16. Qxd3 Nf6 17. Bh4 d5 18. Ne5 Nc4 19. Nxc4 dxc4 20. Qf3 Qd7 21. Re5
Rfe8 22. Rae1 Bg7 23. Ne4 Nxe4 24. R5xe4 e6 25. Bf6 Bxf6 26. Qxf6 Rc6 27. Qg5
Ra6 28. a3 Rb6 29. R1e2 Rc8 30. Rh4 a6 31. Ree4 f5 32. Re2 Rf8 33. Qd2 Rb5 34.
Rf4 Rf7 35. Rf3 e5 36. Rfe3 e4 37. f3 exf3 38. Rxf3 Kg7 39. Qf4 Qc7 40. Qh4 Rd5
41. Rfe3 Rdd7 42. Re5 b5 43. Re8 f4 44. Ra8 Rde7 45. Rxe7 Qxe7 46. Qxe7 Rxe7
47. Kf2 Re6 48. Ra7+ Kf6 49. Rxh7 Kf5 50. Rc7 Ke4 51. Ke2 Kf5+ 52. Kf3 Re3+ 53.
Kf2 Rd3 54. Rc5+ Kf6 55. Re5 Rd2+ 56. Re2 Rd3 57. Ke1 Kg5 58. Rd2 Rg3 59. d5 f3
60. gxf3 Rxf3 61. d6 Rf8 62. d7 Rd8 63. Kf2 Kf5 64. Kg3 Kf6 65. Kg4 Kf7 66. Kg5
Kg7 67. h4 Kf7 68. Rd1 Kg7 69. Rd6 Kf7 70. Kf4 Ke7 71. Ke5 a5 72. Re6+ Kf7 73.
Kd6 1-0

[Event "5.Aschacher Donau op"]
[Site "Aschach, AUT"]
[Date "1996.12.28"]
[Round "4"]
[White "Knechtel, R."]
[Black "Schaubmair, M."]
[Result "1-0"]
[WhiteElo "2125"]
[BlackElo "2260"]
[PlyCount "67"]
[EventDate "1996.12.31"]

1. d4 d5 2. c4 c6 3. Nf3 Nf6 4. Nc3 dxc4 5. a4 Bg4 6. Ne5 Bh5 7. f3 e6 8. g4
Bg6 9. h4 h5 10. g5 Nd5 11. Nxc4 Bd6 12. Kf2 Qc7 13. e4 Nxc3 14. bxc3 O-O 15.
Nxd6 Qxd6 16. Ba3 Qc7 17. Bxf8 Kxf8 18. Rb1 Nd7 19. Be2 Rd8 20. Qb3 b6 21. Kg2
Qf4 22. Qa3+ Ke8 23. Qc1 Qc7 24. Qe3 Qd6 25. Rhd1 Qf8 26. Ra1 f6 27. d5 cxd5
28. exd5 e5 29. d6 Qf7 30. Bb5 Bf5 31. a5 Qe6 32. axb6 axb6 33. Qxb6 e4 34.
Qxd8+ 1-0

[Event "5.Aschacher Donau op"]
[Site "Aschach, AUT"]
[Date "1996.12.28"]
[Round "4"]
[White "Lanka, Z."]
[Black "Steinermayr, Thomas"]
[Result "1/2-1/2"]
[WhiteElo "2545"]
[BlackElo "2100"]
[PlyCount "134"]
[EventDate "1996.12.31"]

1. e4 e5 2. Nf3 Nc6 3. Bb5 a6 4. Ba4 Nf6 5. O-O Be7 6. Re1 b5 7. Bb3 d6 8. c3
O-O 9. h3 Bb7 10. d4 Nd7 11. Nbd2 Na5 12. Bc2 c5 13. Nf1 cxd4 14. cxd4 Rc8 15.
d5 Nc4 16. b3 Ncb6 17. Ng3 g6 18. Bd2 Qc7 19. Rc1 Qc5 20. Bb1 Qa3 21. Re2 Rc5
22. Be3 Rxc1 23. Bxc1 Qa5 24. Bd2 Qa3 25. Ne1 Qc5 26. Bh6 Rc8 27. Kh2 a5 28.
Bd3 a4 29. Rc2 Qb4 30. Rxc8+ Bxc8 31. Nc2 Qc3 32. Ne2 Qb2 33. Nb4 axb3 34. axb3
Nc5 35. Bc2 f5 36. Bc1 Qa1 37. Nc6 Bf6 38. exf5 gxf5 39. f4 e4 40. b4 Nca4 41.
Bb3 Nc3 42. Nxc3 Qxc3 43. Bd2 Qd3 44. g4 e3 45. Be1 Qe4 46. Bc2 e2 47. Qd2 Qf3
48. Qd3 Qxf4+ 49. Qg3 Qxg3+ 50. Kxg3 fxg4 51. hxg4 Nxd5 52. g5 Bxg5 53. Bb3 Be6
54. Nd4 Bf7 55. Nxb5 Bf4+ 56. Kf2 Be5 57. Bd2 h5 58. Kxe2 Nf4+ 59. Bxf4 Bxb3
60. Ke3 Bxf4+ 61. Kxf4 d5 62. Nd4 Bc4 63. b5 Kf7 64. Ke5 Bxb5 65. Nxb5 h4 66.
Kf4 d4 67. Nxd4 h3 1/2-1/2

[Event "5.Aschacher Donau op"]
[Site "Aschach, AUT"]
[Date "1996.12.28"]
[Round "4"]
[White "Lechtynsky, J."]
[Black "Staller, P."]
[Result "1/2-1/2"]
[WhiteElo "2415"]
[BlackElo "2350"]
[PlyCount "134"]
[EventDate "1996.12.31"]

1. Nf3 Nf6 2. c4 g6 3. Nc3 Bg7 4. d4 d6 5. Bg5 Nbd7 6. e3 O-O 7. Be2 c5 8. O-O
b6 9. d5 a6 10. Qc2 Re8 11. Rfd1 Nf8 12. e4 Qc7 13. h3 e5 14. dxe6 Bxe6 15. Qd2
Qb7 16. Qf4 N6d7 17. Qxd6 h6 18. Bf4 g5 19. Qc7 Ra7 20. Qxb7 Rxb7 21. Bd6 Ng6
22. Rac1 Nge5 23. Nxe5 Nxe5 24. b3 Rd8 25. Kf1 Nc6 26. Bg3 Rxd1+ 27. Bxd1 Nb4
28. a3 Nd3 29. Rc2 b5 30. cxb5 Bxb3 31. bxa6 Ra7 32. Rd2 Bxc3 33. Rxd3 Bc4 34.
Be2 Bd4 35. Rd2 Bxa6 36. Bxa6 Rxa6 37. Ra2 Ra4 38. Ke2 Kg7 39. Kd3 Kf6 40. f4
gxf4 41. Bxf4 h5 42. Bc1 Be5 43. Rc2 Rd4+ 44. Ke2 c4 45. Kf3 Rd3+ 46. Kf2 c3
47. Be3 Rd1 48. Rc1 Rd6 49. Ke2 Ke6 50. Rc2 Rd8 51. a4 f5 52. exf5+ Kxf5 53. a5
Ke4 54. Ra2 Rg8 55. g4 hxg4 56. hxg4 Rxg4 57. Ra4+ Kf5 58. Rxg4 Kxg4 59. a6 Bb8
60. Kd3 Kf3 61. Bc1 c2 62. Be3 Ba7 63. Bc1 Bb8 64. Kxc2 Ke4 65. Kb3 Kd5 66. Be3
Kc6 67. Kc4 Bf4 1/2-1/2

[Event "5.Aschacher Donau op"]
[Site "Aschach, AUT"]
[Date "1996.12.28"]
[Round "4"]
[White "Lohou, Stephane"]
[Black "Zoister, S."]
[Result "1/2-1/2"]
[WhiteElo "2210"]
[BlackElo "2045"]
[PlyCount "44"]
[EventDate "1996.12.31"]

1. e4 c6 2. d4 d5 3. exd5 cxd5 4. c4 Nf6 5. Nc3 g6 6. Qb3 Bg7 7. cxd5 O-O 8.
Nge2 Na6 9. g3 b6 10. Bg2 Bb7 11. Bg5 Nc7 12. Bxf6 exf6 13. O-O Qd6 14. Nb5
Nxb5 15. Qxb5 Rfd8 16. Nc3 a6 17. Qb3 f5 18. Rad1 b5 19. a3 Rab8 20. Rfe1 Ba8
21. Na2 a5 22. Rd2 h5 1/2-1/2

[Event "5.Aschacher Donau op"]
[Site "Aschach, AUT"]
[Date "1996.12.28"]
[Round "4"]
[White "Maringer, Walter"]
[Black "Kamberovic, S."]
[Result "0-1"]
[WhiteElo "1890"]
[BlackElo "2365"]
[PlyCount "40"]
[EventDate "1996.12.31"]

1. e4 e5 2. Nf3 Nc6 3. Bb5 a6 4. Ba4 Nf6 5. O-O Be7 6. Re1 b5 7. Bb3 O-O 8. c3
d5 9. exd5 Nxd5 10. Nxe5 Nxe5 11. Rxe5 Nf6 12. d4 Bd6 13. Re1 Ng4 14. g3 Nxh2
15. Qh5 Ng4 16. Bg5 Qd7 17. Bd5 Qf5 18. f3 Nf6 19. Be4 Nxh5 20. Bxf5 Bxf5 0-1

[Event "5.Aschacher Donau op"]
[Site "Aschach, AUT"]
[Date "1996.12.28"]
[Round "4"]
[White "Orsag, Mil"]
[Black "Kranzl, P."]
[Result "1/2-1/2"]
[WhiteElo "2430"]
[BlackElo "2215"]
[PlyCount "62"]
[EventDate "1996.12.31"]

1. Nf3 Nf6 2. c4 g6 3. d4 c5 4. Nc3 Bg7 5. e4 O-O 6. Be2 d6 7. O-O Nbd7 8. d5
b5 9. cxb5 a6 10. Qc2 Ne8 11. a4 axb5 12. Nxb5 Nc7 13. Nxc7 Qxc7 14. Ra3 Ra7
15. Bd2 Nb8 16. b4 cxb4 17. Qxc7 Rxc7 18. Bxb4 Ba6 19. Re1 Bxe2 20. Rxe2 Na6
21. Bd2 Rb8 22. Kf1 Rc4 23. a5 Rb1+ 24. Be1 Bc3 25. g3 Bxe1 26. Nxe1 Rcc1 27.
f3 Ra1 28. Rxa1 Rxa1 29. Rb2 Nc5 30. Kf2 Rxa5 31. Ke2 Ra1 1/2-1/2

[Event "5.Aschacher Donau op"]
[Site "Aschach, AUT"]
[Date "1996.12.28"]
[Round "4"]
[White "Sulava, N."]
[Black "Klundt, K."]
[Result "1-0"]
[WhiteElo "2430"]
[BlackElo "2365"]
[PlyCount "47"]
[EventDate "1996.12.31"]

1. Nf3 Nf6 2. g3 g6 3. b3 Bg7 4. Bb2 O-O 5. Bg2 d6 6. d4 e5 7. dxe5 Nfd7 8. Nc3
Nxe5 9. Nxe5 Bxe5 10. Qd2 Nc6 11. O-O-O Nb4 12. Ne4 Bxb2+ 13. Kxb2 Nc6 14. Qc3
f6 15. h4 Qe7 16. h5 g5 17. h6 Bf5 18. Nxg5 Ne5 19. f4 fxg5 20. fxe5 Qxe5 21.
Qxe5 dxe5 22. Rh5 c6 23. Rxg5+ Kh8 24. Rf1 1-0

[Event "5.Aschacher Donau op"]
[Site "Aschach, AUT"]
[Date "1996.12.28"]
[Round "4"]
[White "Tober, G."]
[Black "Weiss, Ch"]
[Result "1/2-1/2"]
[WhiteElo "2235"]
[BlackElo "2335"]
[PlyCount "23"]
[EventDate "1996.12.31"]

1. e4 c6 2. d4 d5 3. exd5 cxd5 4. Bd3 Nc6 5. c3 Nf6 6. Bf4 e6 7. Nd2 Bd6 8.
Bxd6 Qxd6 9. Ngf3 O-O 10. O-O e5 11. dxe5 Nxe5 12. Nxe5 1/2-1/2

[Event "5.Aschacher Donau op"]
[Site "Aschach, AUT"]
[Date "1996.12.28"]
[Round "4"]
[White "Traudes, W."]
[Black "Amberger, D."]
[Result "1/2-1/2"]
[WhiteElo "2220"]
[BlackElo "2135"]
[PlyCount "43"]
[EventDate "1996.12.31"]

1. d4 d5 2. Nf3 Nf6 3. c4 c6 4. cxd5 cxd5 5. Nc3 Nc6 6. Bf4 e6 7. e3 Nh5 8. Bg3
Nxg3 9. hxg3 Be7 10. Bd3 h6 11. Rc1 Bd7 12. Bb1 Rc8 13. Nd2 Na5 14. Qg4 e5 15.
Bf5 Bxf5 16. Qxf5 exd4 17. exd4 O-O 18. O-O Bb4 19. Qd3 Nc4 20. Nxc4 dxc4 21.
Qe4 Qd7 22. Rfd1 1/2-1/2

[Event "5.Aschacher Donau op"]
[Site "Aschach, AUT"]
[Date "1996.12.29"]
[Round "5"]
[White "Amberger, D."]
[Black "Orsag, Mil"]
[Result "1/2-1/2"]
[WhiteElo "2135"]
[BlackElo "2430"]
[PlyCount "65"]
[EventDate "1996.12.31"]

1. e4 c5 2. Nf3 e6 3. d4 cxd4 4. Nxd4 Nf6 5. Nc3 d6 6. f4 Nc6 7. Be3 Be7 8. Qf3
O-O 9. O-O-O Qa5 10. Nb3 Qc7 11. g4 a6 12. g5 Nd7 13. Bd3 b5 14. Kb1 b4 15. Ne2
a5 16. Rhg1 Ba6 17. f5 Nce5 18. Qh3 a4 19. Nbd4 Nxd3 20. cxd3 Nc5 21. g6 hxg6
22. Rxg6 Bxd3+ 23. Rxd3 fxg6 24. fxg6 Bh4 25. Qxh4 Rf1+ 26. Nc1 Kf8 27. Qh8+
Ke7 28. Qxg7+ Kd8 29. Qxc7+ Kxc7 30. Nb5+ Kc6 31. Bxc5 Kxb5 32. Bxd6 Kc6 33.
Rd2 1/2-1/2

[Event "5.Aschacher Donau op"]
[Site "Aschach, AUT"]
[Date "1996.12.29"]
[Round "5"]
[White "Beim, V."]
[Black "Casagrande, H."]
[Result "1-0"]
[WhiteElo "2570"]
[BlackElo "2365"]
[PlyCount "57"]
[EventDate "1996.12.31"]

1. c4 c5 2. Nf3 Nc6 3. Nc3 g6 4. e3 d6 5. d4 Bg4 6. Be2 Bg7 7. d5 Bxf3 8. Bxf3
Ne5 9. Be2 f5 10. O-O Nf6 11. Qc2 O-O 12. e4 e6 13. f4 Neg4 14. dxe6 Nh5 15. g3
Bxc3 16. Qxc3 Ngf6 17. exf5 gxf5 18. Bf3 Qe7 19. b3 Ng7 20. Bb2 h5 21. Rfe1 Kh7
22. h4 Rae8 23. Qd3 Kg6 24. Rad1 Rd8 25. Bxb7 Qxb7 26. e7 Ne4 27. exf8=Q Rxf8
28. Rxe4 fxe4 29. Qxd6+ 1-0

[Event "5.Aschacher Donau op"]
[Site "Aschach, AUT"]
[Date "1996.12.29"]
[Round "5"]
[White "Ennsberger, Ulrich"]
[Black "Traudes, W."]
[Result "1-0"]
[WhiteElo "2210"]
[BlackElo "2220"]
[PlyCount "59"]
[EventDate "1996.12.31"]

1. e4 Nf6 2. e5 Nd5 3. d4 d6 4. Nf3 Nc6 5. c4 Nb6 6. e6 fxe6 7. Bd3 e5 8. d5
Nb4 9. Be4 Bg4 10. a3 Na6 11. Be3 Qd7 12. Qc2 c6 13. Ng5 e6 14. Bxh7 Kd8 15. h3
Rxh7 16. Qxh7 Bf5 17. Qg8 Kc7 18. Nxe6+ Bxe6 19. dxe6 Qe7 20. Nd2 Na4 21. O-O
Re8 22. f4 e4 23. f5 d5 24. cxd5 cxd5 25. Rac1+ Kb8 26. b4 Rd8 27. Nb3 Ka8 28.
Nd4 Nb2 29. f6 gxf6 30. Nf5 1-0

[Event "5.Aschacher Donau op"]
[Site "Aschach, AUT"]
[Date "1996.12.29"]
[Round "5"]
[White "Kamberovic, S."]
[Black "Mendl, M."]
[Result "1-0"]
[WhiteElo "2365"]
[BlackElo "2155"]
[PlyCount "91"]
[EventDate "1996.12.31"]

1. d4 Nf6 2. Nf3 d5 3. Bf4 c5 4. e3 cxd4 5. exd4 Nc6 6. c3 g6 7. Bd3 Bg7 8.
Nbd2 O-O 9. h3 Nd7 10. O-O e5 11. dxe5 Ndxe5 12. Nxe5 Nxe5 13. Bc2 d4 14. Bxe5
Bxe5 15. Nf3 Bg7 16. Nxd4 Bxd4 17. Qxd4 Qxd4 18. cxd4 Rd8 19. Rfd1 Be6 20. Be4
Rd7 21. d5 Rad8 22. Rd3 Bxd5 23. Rad1 Bc6 24. Rxd7 Rxd7 25. Rxd7 Bxd7 26. Bxb7
Kg7 27. Bd5 g5 28. Kf1 f5 29. g3 Kf6 30. f4 gxf4 31. gxf4 Ke7 32. Ke2 Kd6 33.
Bg8 h6 34. Kd3 Kc5 35. Kc3 a5 36. b3 Bc8 37. a3 Bd7 38. Bc4 Bc8 39. b4+ axb4+
40. axb4+ Kd6 41. Kd4 Bd7 42. Ba6 Kc6 43. Ke5 Kb6 44. Bc4 Kc6 45. h4 Kb6 46.
Kf6 1-0

[Event "5.Aschacher Donau op"]
[Site "Aschach, AUT"]
[Date "1996.12.29"]
[Round "5"]
[White "Kilgus, G."]
[Black "Altukhov, S."]
[Result "1/2-1/2"]
[WhiteElo "2200"]
[BlackElo "2350"]
[PlyCount "72"]
[EventDate "1996.12.31"]

1. Nf3 c5 2. e4 d6 3. d3 Nc6 4. g3 g6 5. Bg2 Bg7 6. O-O e5 7. c3 Nge7 8. a4 O-O
9. Na3 b6 10. Be3 d5 11. Qd2 dxe4 12. dxe4 Be6 13. Qc2 Na5 14. b4 cxb4 15. cxb4
Rc8 16. Qb2 Nc4 17. Nxc4 Rxc4 18. Rfd1 Qc7 19. Rac1 Rd8 20. Ng5 Rxd1+ 21. Rxd1
Bg4 22. f3 Bd7 23. Bf1 Rc6 24. b5 Rd6 25. Rc1 Qd8 26. Qb3 Be8 27. Bc4 Rf6 28.
Rd1 Qc7 29. Qd3 Bf8 30. Qd8 Qxc4 31. Qxe8 Qb3 32. Rd8 Qxe3+ 33. Kg2 Qe2+ 34.
Kh3 Qf1+ 35. Kh4 Rf4+ 36. gxf4 Qf2+ 1/2-1/2

[Event "5.Aschacher Donau op"]
[Site "Aschach, AUT"]
[Date "1996.12.29"]
[Round "5"]
[White "Klundt, K."]
[Black "Lehner, O."]
[Result "0-1"]
[WhiteElo "2365"]
[BlackElo "2320"]
[PlyCount "64"]
[EventDate "1996.12.31"]

1. e4 c5 2. Nf3 Nc6 3. d4 cxd4 4. Nxd4 Nf6 5. Nc3 e5 6. Ndb5 d6 7. Bg5 a6 8.
Na3 b5 9. Nd5 Qa5+ 10. Bd2 Qd8 11. Nxf6+ Qxf6 12. c4 Qg6 13. cxb5 Qxe4+ 14. Qe2
Qxe2+ 15. Bxe2 Nd4 16. Bc4 Be6 17. Bxe6 fxe6 18. bxa6 d5 19. Bc3 Bxa3 20. Bxd4
exd4 21. bxa3 Rxa6 22. Rd1 Rxa3 23. Rxd4 Rxa2 24. O-O O-O 25. f4 Rc8 26. Rd3
Rcc2 27. Rg3 Kf7 28. h3 g6 29. Rb1 Kf6 30. Rb7 e5 31. Rb8 Rc1+ 32. Kh2 Raa1 0-1

[Event "5.Aschacher Donau op"]
[Site "Aschach, AUT"]
[Date "1996.12.29"]
[Round "5"]
[White "Kranzl, P."]
[Black "Balinov, I."]
[Result "1/2-1/2"]
[WhiteElo "2215"]
[BlackElo "2385"]
[PlyCount "97"]
[EventDate "1996.12.31"]

1. e4 d5 2. exd5 Qxd5 3. d4 e5 4. Nf3 Bg4 5. Be2 exd4 6. O-O Nc6 7. Nxd4 Bxe2
8. Qxe2+ Be7 9. Nxc6 Qxc6 10. Rd1 Rd8 11. Rxd8+ Kxd8 12. Nc3 Bf6 13. Qd3+ Kc8
14. Nd5 Ne7 15. Nxe7+ Bxe7 16. Be3 Bf6 17. c3 Qd7 18. Qxd7+ Kxd7 19. Kf1 Kc6
20. Rd1 a6 21. Rd3 b5 22. Ke2 Re8 23. Kd2 Re4 24. b3 h5 25. h3 Re6 26. Bf4 Re4
27. Be3 g6 28. Kc2 Be7 29. Kd2 f5 30. f3 Re6 31. Bf4 Bc5 32. Rd8 Be7 33. Rg8
Bd6 34. Bxd6 Kxd6 35. f4 Kd5 36. Kd3 Rd6 37. Rg7 c5 38. c4+ bxc4+ 39. bxc4+
Ke6+ 40. Kc3 Kf6 41. Rc7 Rd4 42. Rxc5 Rxf4 43. Rc6+ Kf7 44. Rxa6 Rf2 45. Ra7+
Ke6 46. Ra6+ Kf7 47. Ra7+ Ke6 48. Ra6+ Kf7 49. Ra7+ 1/2-1/2

[Event "5.Aschacher Donau op"]
[Site "Aschach, AUT"]
[Date "1996.12.29"]
[Round "5"]
[White "Mahdi, K."]
[Black "Sulava, N."]
[Result "1/2-1/2"]
[WhiteElo "2390"]
[BlackElo "2430"]
[PlyCount "23"]
[EventDate "1996.12.31"]

1. e4 e6 2. d4 d5 3. exd5 exd5 4. Nf3 Nc6 5. Bb5 Bd6 6. O-O Nge7 7. Re1 O-O 8.
Bg5 f6 9. Bc1 a6 10. Bf1 Kh8 11. c3 Qe8 12. Nbd2 1/2-1/2

[Event "5.Aschacher Donau op"]
[Site "Aschach, AUT"]
[Date "1996.12.29"]
[Round "5"]
[White "Mittermayr, G."]
[Black "Trkulja, Z."]
[Result "0-1"]
[WhiteElo "2200"]
[BlackElo "2175"]
[PlyCount "75"]
[EventDate "1996.12.31"]

1. e4 e6 2. d4 d5 3. Nd2 Nf6 4. e5 Nfd7 5. Bd3 c5 6. c3 Nc6 7. Ne2 cxd4 8. cxd4
f6 9. exf6 Nxf6 10. Nf3 Bd6 11. O-O O-O 12. Bg5 Qc7 13. Rc1 Bd7 14. Bb1 Be8 15.
Nc3 a6 16. Qd3 Bh5 17. Ne5 Bxe5 18. dxe5 Bg6 19. Qg3 Qxe5 20. Qxe5 Nxe5 21.
Rfe1 Bxb1 22. Rxb1 Nfd7 23. f4 h6 24. Bxh6 gxh6 25. fxe5 Rf5 26. Re2 Nxe5 27.
Rbe1 Nd3 28. Rd1 Nf4 29. Re3 Kf7 30. Rf1 Rg8 31. Rf2 d4 32. Ref3 dxc3 33. Rxf4
cxb2 34. Rxf5+ exf5 35. Rxb2 b5 36. a4 bxa4 37. Rb7+ Ke6 38. Ra7 0-1

[Event "5.Aschacher Donau op"]
[Site "Aschach, AUT"]
[Date "1996.12.29"]
[Round "5"]
[White "Mueller, M."]
[Black "Mittermayr, G."]
[Result "1/2-1/2"]
[WhiteElo "2080"]
[BlackElo "2200"]
[PlyCount "53"]
[EventDate "1996.12.31"]

1. e4 e6 2. d3 d5 3. Nd2 Nf6 4. Ngf3 c6 5. g3 Qc7 6. Bg2 Nbd7 7. O-O dxe4 8.
dxe4 Bc5 9. Qe2 O-O 10. e5 Ng4 11. Ne4 Ngxe5 12. Nxe5 Qxe5 13. Bf4 Qf5 14. Rad1
e5 15. Nxc5 exf4 16. Nxd7 Bxd7 17. Be4 Qe6 18. Bxh7+ Kxh7 19. Qd3+ Kg8 20. Qxd7
Qxa2 21. Qxb7 fxg3 22. hxg3 Rab8 23. Qxc6 Rfc8 24. Qd7 Rxc2 25. Ra1 Qxb2 26.
Rxa7 Qf6 27. Rc7 1/2-1/2

[Event "5.Aschacher Donau op"]
[Site "Aschach, AUT"]
[Date "1996.12.29"]
[Round "5"]
[White "Obermayr, H."]
[Black "Knoll, H."]
[Result "0-1"]
[WhiteElo "2110"]
[BlackElo "2250"]
[PlyCount "144"]
[EventDate "1996.12.31"]

1. d4 Nf6 2. c4 e6 3. Nc3 Bb4 4. e3 O-O 5. Bd3 d5 6. a3 Be7 7. Nf3 b6 8. cxd5
exd5 9. Qc2 Bb7 10. Bd2 Nbd7 11. O-O h6 12. b4 c6 13. Ne2 Re8 14. Ng3 Bf8 15.
Rac1 c5 16. bxc5 bxc5 17. dxc5 Bxc5 18. Bb4 Bxb4 19. axb4 Qb6 20. Nf5 Rac8 21.
Qa4 Rxc1 22. Rxc1 g6 23. N5d4 Ne5 24. Nxe5 Rxe5 25. Qa5 Re7 26. Ra1 Qd6 27. Qc5
Qe5 28. Rxa7 Rc7 29. Nf3 Rxc5 30. Nxe5 Rc1+ 31. Bf1 Bc8 32. f3 Be6 33. b5 Rb1
34. Kf2 Rb2+ 35. Be2 d4 36. exd4 Nd5 37. Nc4 Rxb5 38. Ne3 Rb4 39. Nxd5 Bxd5 40.
Ra5 Bc6 41. Rc5 Be8 42. Rc2 Kf8 43. Ke3 Bd7 44. Rd2 Ke7 45. h4 Kd6 46. g4 Be6
47. Bd3 g5 48. h5 Bd5 49. Be4 Bc4 50. Rc2 Rb3+ 51. Kf2 Rb4 52. Kg3 f6 53. Kf2
Bb5 54. Ke3 Rb3+ 55. Kd2 Rb4 56. Ke3 Bc4 57. Rc1 Rb3+ 58. Kd2 Bd5 59. Rc3 Rxc3
60. Kxc3 Be6 61. Kb4 Bd7 62. Ka5 Be8 63. Kb6 Ba4 64. Kb7 Bd7 65. Bg6 Bc6+ 66.
Kc8 Bxf3 67. Bf5 Bc6 68. Kd8 Bb5 69. Bc8 Bc6 70. Bf5 Bd5 71. Ke8 Be6 72. Bxe6
Kxe6 0-1

[Event "5.Aschacher Donau op"]
[Site "Aschach, AUT"]
[Date "1996.12.29"]
[Round "5"]
[White "Schaubmair, M."]
[Black "Priesner, Andreas"]
[Result "0-1"]
[WhiteElo "2260"]
[BlackElo "2085"]
[PlyCount "81"]
[EventDate "1996.12.31"]

1. d4 Nf6 2. Nf3 d5 3. c4 c6 4. Nc3 e6 5. Bg5 Nbd7 6. e3 Qa5 7. Nd2 Bb4 8. Qc2
O-O 9. Bh4 Re8 10. Be2 e5 11. dxe5 Rxe5 12. O-O Re8 13. Nb3 Qc7 14. Bg3 Bd6 15.
cxd5 Bxg3 16. hxg3 cxd5 17. Rac1 Qe5 18. Rfd1 Nb6 19. Nb5 Bg4 20. N5d4 Rac8 21.
Qd3 Rxc1 22. Nxc1 Nc4 23. Qc3 Qh5 24. Nf3 Ne4 25. Qd4 Nb6 26. Nd3 g5 27. Nde5
Re6 28. Nxg4 Qxg4 29. Kf1 Rf6 30. Bd3 Kg7 31. a4 Qf5 32. g4 Qxg4 33. a5 Na4 34.
Bxe4 Qxe4 35. Qxe4 dxe4 36. Nxg5 Nxb2 37. Rb1 Nc4 38. Nxe4 Re6 39. Ke2 Rxe4 40.
Kd3 Nd6 41. Rxb7 0-1

[Event "5.Aschacher Donau op"]
[Site "Aschach, AUT"]
[Date "1996.12.29"]
[Round "5"]
[White "Staller, P."]
[Black "Ilincic, Pavle"]
[Result "1-0"]
[WhiteElo "2350"]
[BlackElo "2200"]
[PlyCount "133"]
[EventDate "1996.12.31"]

1. Nf3 Nf6 2. g3 c5 3. Bg2 e6 4. c4 Be7 5. Nc3 O-O 6. O-O a6 7. b3 d6 8. d4
cxd4 9. Nxd4 Qc7 10. Bb2 Nc6 11. Rc1 Nxd4 12. Qxd4 Rb8 13. Rfd1 Rd8 14. Qe3 b6
15. Ba3 Bf8 16. Bb4 Bb7 17. Ne4 Nxe4 18. Bxe4 Bxe4 19. Qxe4 Rd7 20. Qf4 Rbd8
21. Qd4 Qb7 22. e4 b5 23. cxb5 axb5 24. Rc2 Rc8 25. Rcd2 h6 26. Qe3 Rc6 27. Qe2
Ra6 28. Rc2 Rc6 29. Rxc6 Qxc6 30. Kg2 f5 31. f3 fxe4 32. fxe4 Be7 33. Qg4 d5
34. Bxe7 Rxe7 35. exd5 exd5 36. Qf5 d4+ 37. Kh3 Qe4 38. Rf1 Qxf5+ 39. Rxf5 Rd7
40. Rf2 b4 41. Kg4 d3 42. Rd2 Rf7 43. h4 Rf1 44. Rxd3 Rf2 45. Rd4 Rxa2 46. Rxb4
Kf7 47. Rb6 Rf2 48. h5 Rf1 49. b4 Rf2 50. b5 Rf1 51. Rc6 Rb1 52. b6 Rb5 53. Kh4
Rb4+ 54. Kh3 Rb2 55. g4 Rb4 56. Rg6 Rf4 57. Kg2 Kf8 58. Kg3 Rf1 59. Rc6 Kf7 60.
Rc7+ Kf6 61. Rc8 Rb1 62. Rc6+ Kf7 63. Kf3 Re1 64. Kf4 Re2 65. Kf5 Rf2+ 66. Ke5
Re2+ 67. Kd6 1-0

[Event "5.Aschacher Donau op"]
[Site "Aschach, AUT"]
[Date "1996.12.29"]
[Round "5"]
[White "Steinermayr, Thomas"]
[Black "Lohou, Stephane"]
[Result "1/2-1/2"]
[WhiteElo "2100"]
[BlackElo "2210"]
[PlyCount "65"]
[EventDate "1996.12.31"]

1. e4 c6 2. d4 d5 3. exd5 cxd5 4. c4 Nf6 5. Nc3 g6 6. Qb3 Bg7 7. cxd5 O-O 8. g3
Na6 9. Bg2 Qb6 10. Qxb6 axb6 11. Nge2 Nb4 12. O-O Rd8 13. Bg5 Nbxd5 14. Rad1
Bg4 15. Rd2 Be6 16. Rc1 Kf8 17. a3 h6 18. Bxf6 Bxf6 19. Nxd5 Bxd5 20. Bxd5 Rxd5
21. Rc7 Rb8 22. Rdc2 Ke8 23. Rc8+ Rd8 24. Rxb8 Rxb8 25. Rc4 Rd8 26. Rc7 Bxd4
27. Nxd4 Rxd4 28. Rxb7 Rd6 29. h4 h5 30. Kf1 Re6 31. Kg2 Kd8 32. Kf3 Kc8 33.
Ra7 1/2-1/2